| 000 | 00634nam a2200205 u 4500 | ||
|---|---|---|---|
| 005 | 20220812063815.0 | ||
| 008 | 130212s2011 r 000 0 eng d | ||
| 020 | _a9789505578702 | ||
| 035 | _aUPN01000189523 | ||
| 049 | _aCG | ||
| 050 | 4 |
_aJL966 _bR6.2 |
|
| 100 | 1 |
_aRouquié, Alain _934201 |
|
| 245 | 1 | 0 |
_aA la sombra de las dictaduras : _bla democracia en América Latina / _cAlain Rouquié ; tr. Víctor Goldstein. |
| 260 |
_aBuenos Aires : _bFCE, _c2011. |
||
| 300 | _a359 P. | ||
| 651 | 4 |
_aAmérica Latina _xPolítica y gobierno _91083 |
|
| 650 | 4 |
_aDEMOCRACIA - _zAMERICA LATINA _97543 |
|
| 905 | _aLibro | ||
| 999 |
_c161626 _d161626 |
||